| 000 | 00723cam a2200205 i 4500 | ||
|---|---|---|---|
| 001 | 000018202 | ||
| 005 | 20200929165411.0 | ||
| 008 | 760505s1974 cu f000 1 spa | ||
| 040 |
_aDO-SdBNP _bspa _cBNPHU |
||
| 082 |
_axxx _bC212 |
||
| 245 | 0 | 0 |
_aCanal : _btres relatos panamenos / _cseleccion de Antonio Benitez Rojo. |
| 260 |
_aLa Habana : _bCasa de las Americas, _c1974. |
||
| 300 |
_a96 p. ; _c16 cm. |
||
| 490 | 0 | _aColeccion La Honda | |
| 505 | 0 | _aBeleno C., J. Canal.--Changmarin, C. F. Faragual.--Sinan, R. Bobby. | |
| 700 | 1 | 2 |
_aBeleno C., Joaquin, _d1922- _tCanal. _f1974. _939412 |
| 700 | 1 | 2 |
_aChangmarin, _d1922- _tFaragual. _f1974. _939413 |
| 700 | 1 | 2 |
_aSinan, Rogelio, _d1904- _tBobby. _f1974. _939414 |
| 082 | 0 | 0 | _a863 |
| 999 |
_c17723 _d17723 |
||